[Event "Olympiad Women 2024"]
[Site "Budapest HUN"]
[Date "2024.09.12"]
[Round "2.62"]
[Board "3"]
[White "Tchouateu Tankeu Stephanie"]
[Black "Mekarapiruk, Nathasha"]
[Result "0-1"]
[WhiteElo "1565"]
[BlackElo "1728"]
[PlyCount "110"]
[EventDate "2024.09.11"]
[WhiteTeam "Cameroon"]
[BlackTeam "Thailand"]
[WhiteTeamCountry "CAM"]
[BlackTeamCountry "THA"]

1. d4 d5 2. c4 e6 3. Nf3 Nf6 4. Nc3 Be7 5. cxd5 exd5 6. e3 c6 7. Be2 Bf5 ({RR} 7... O-O 8. O-O Nbd7 9. h3 {½-½ Farago,S (2390)-Krizsany,L (2385) Budapest FS02 IM-B 1994 (9)}) ({RR} 7... O-O 8. O-O h6 9. Qc2 Nbd7 10. b3 Re8 11. Bd3 Bd6 12. Re1 Nf8 13. Bb2 Bg4 14. Be2 Qd7 15. h3 Bf5 16. Qd2 Bb4 17. a3 Ne4 18. Qc1 Bd6 19. Nxe4 dxe4 20. Nd2 Bxh3 21. gxh3 Qxh3 22. f4 {0-1 Su,E (1759)-Le,H (1833) PNWCC Online blitz JP 12th 2020 (11)}) 8. Qb3 $146 ({RR} 8. O-O Nbd7 9. b3 h6 10. Bb2 O-O 11. Nh4 Bh7 12. Bd3 Ne4 13. Nf3 Bd6 14. Qc2 f5 15. Rfd1 Qe7 16. Qb1 Rae8 17. Bc2 g5 18. Nxe4 fxe4 19. Nd2 Qf7 20. Rf1 Qh5 21. g3 Nf6 22. Bd1 Qh3 {0-1 Hyl,M (1520)-Labedz,P (2127) Karvina op 2012 (1)}) ({RR} 8. O-O Nbd7 9. Re1 h6 10. Nd2 O-O 11. f3 Bg6 12. e4 dxe4 13. Ndxe4 Nb6 14. Be3 Re8 15. Qd2 Bb4 16. a3 Nxe4 17. fxe4 Bxc3 18. bxc3 Bxe4 19. Bd3 Qd5 20. Re2 Bxd3 21. Qxd3 Qe4 22. Qxe4 Rxe4 {0-1 Puetz,O-Ahling,M Recklinghausen op 1999 (8)}) 8... Qb6 9. Qxb6 axb6 10. a3 b5 11. Na2 b4 12. axb4 Bxb4+ 13. Bd2 Bd6 14. O-O Nbd7 15. Bb4 Ke7 16. Bxd6+ Kxd6 17. Rfc1 h6 18. Ne1 Ra7 19. Bd3 Bxd3 20. Nxd3 Rha8 21. Ndb4 Nb8 22. Rc3 b6 23. Ra3 Rxa3 24. bxa3 Ra6 25. a4 Rxa4 26. Nc2 Ra3 27. Nab4 Rxa1+ 28. Nxa1 c5 29. dxc5+ Kxc5 30. Nac2 Nc6 31. Nxc6 Kxc6 32. Kf1 Kc5 33. Ke2 Kc4 34. f3 b5 35. Kd1 b4 36. Kc1 b3 37. Nd4 Kd3 38. Nxb3 Kxe3 39. Nd2 Kf2 40. g4 Nd7 41. Kc2 Ne5 42. Kc3 Nxf3 43. Nxf3 Kxf3 44. Kd4 Kxg4 45. Kxd5 Kh3 46. Kd6 Kxh2 47. Ke7 f5 48. Kf7 f4 49. Kxg7 f3 50. Kxh6 f2 51. Kg5 f1=R 52. Kg4 Kg2 53. Kg5 Kg3 54. Kh5 Kf4 55. Kh4 Rh1# 0-1

[Event "Olympiad Women 2024"]
[Site "Budapest HUN"]
[Date "2024.09.12"]
[Round "2.63"]
[Board "1"]
[White "Miladi, Amen"]
[Black "Nihaya, Ahmed"]
[Result "1-0"]
[WhiteElo "1851"]
[BlackElo "1589"]
[PlyCount "69"]
[EventDate "2024.09.11"]
[WhiteTeam "Tunisia"]
[BlackTeam "Maldives"]
[WhiteTeamCountry "TUN"]
[BlackTeamCountry "MDV"]

1. e4 e5 2. Nf3 Nc6 3. Bc4 Bc5 4. c3 Qe7 5. O-O Nf6 6. d4 Bb6 7. Re1 ({RR} 7. b4 d6 8. a4 a6 9. a5 Ba7 10. d5 Nd8 11. Re1 O-O 12. Bg5 h6 13. Be3 Bxe3 14. Rxe3 g6 15. Nbd2 Kh8 16. Bd3 Ng4 17. Re1 f5 18. Qc2 f4 19. c4 Nf6 20. c5 Nf7 21. b5 axb5 {½-½ Ethereal 13.89_NNUE (3515)-Stockfish dev16_202209170930 (3611) TCEC 23 Premier 2022 (46.4)}) 7... h6 8. a4 a5 9. Na3 $146 ({RR} 9. d5 Nb8 10. d6 Qxd6 11. Qxd6 cxd6 12. Na3 Na6 13. Nb5 Ke7 14. Nh4 g6 15. Be3 Bc5 16. f3 d5 17. Bxc5+ Nxc5 18. exd5 d6 19. f4 e4 20. Nf3 Rd8 21. Nfd4 Kf8 22. Nc7 Rb8 23. b4 Rd7 {0-1 Estrada Degrandi,W-Humerez Estrada,C Zonal-7 South America 1954 (5)}) 9... d6 10. Bb5 Bd7 11. Nc4 Ba7 12. Ne3 Nb8 13. Nf5 Qf8 14. dxe5 Ng4 15. Be3 Bxe3 16. Nxe3 Nxe5 17. Nxe5 Bxb5 18. axb5 dxe5 19. Qd5 Nd7 20. Qxb7 Rb8 21. Qxc7 Qc5 22. Qxc5 Nxc5 23. Nc4 f6 24. Rxa5 O-O 25. b4 Ne6 26. Nd6 Rfd8 27. Nf5 Rd7 28. c4 Nf4 29. g3 Nd3 30. Rb1 h5 31. c5 g6 32. Nd6 Rbd8 33. Ra3 Rxd6 34. cxd6 Rxd6 35. Rd1 1-0

[Event "Olympiad Women 2024"]
[Site "Budapest HUN"]
[Date "2024.09.12"]
[Round "2.63"]
[Board "3"]
[White "Ben Amor, Meriem"]
[Black "Aishath Iva Hassan"]
[Result "0-1"]
[WhiteElo "1733"]
[BlackElo "1422"]
[PlyCount "68"]
[EventDate "2024.09.11"]
[WhiteTeam "Tunisia"]
[BlackTeam "Maldives"]
[WhiteTeamCountry "TUN"]
[BlackTeamCountry "MDV"]

1. e4 c6 2. d4 d5 3. f3 e5 4. dxe5 Bc5 5. Ne2 ({RR} 5. Nc3 Qb6 6. Na4 Qa5+ 7. c3 Bxg1 8. Rxg1 dxe4 9. f4 Nd7 10. b4 Qc7 11. c4 a5 12. b5 cxb5 13. cxb5 Nb6 14. Be3 Nxa4 15. Qxa4 Qc3+ 16. Kf2 Nh6 17. Be2 Ng4+ 18. Bxg4 Bxg4 19. Qxe4 O-O {½-½ Nepomniachtchi,I (2602)-Popov,I (2533) World Youth Stars 5th 2007 (3)}) 5... Ne7 6. Nf4 $146 ({RR} 6. Ng3 O-O 7. Bd3 Nd7 8. f4 Qb6 9. Qf3 Ng6 10. Nc3 Ndxe5 11. fxe5 Nxe5 12. Qh5 Re8 13. Bd2 dxe4 14. Bxe4 g6 15. Qh6 Ng4 16. Qf4 f5 17. O-O-O fxe4 18. Ngxe4 Bd4 19. h3 Rf8 20. Qg5 Nf2 {1-0 Styazhkina,A (2194)-Parpiev,I (2123) Titled Tue 8th Aug Early 2023 (5)}) 6... Ng6 7. Nxg6 hxg6 8. exd5 cxd5 9. Nc3 Be6 10. Na4 Qh4+ 11. g3 Qxa4 12. Qe2 Qc4 13. Qd2 Qd4 14. Bb5+ Nc6 15. Qe2 O-O 16. Bxc6 bxc6 17. h4 Rfe8 18. Rb1 Bf5 19. Bf4 Re6 20. Qh2 Rae8 21. g4 Rxe5+ 22. Bxe5 Rxe5+ 23. Kf1 Qc4+ 24. Kg2 Re2+ 25. Kh3 Rxh2+ 26. Rxh2 Qf4 27. Kg2 Bxc2 28. Rbh1 Bd3 29. h5 g5 30. h6 g6 31. h7+ Kh8 32. Ra1 Be2 33. Rh3 Qe3 34. a4 Qf2+ 0-1

[Event "Olympiad Women 2024"]
[Site "Budapest HUN"]
[Date "2024.09.12"]
[Round "2.63"]
[Board "4"]
[White "Aini Munthazim"]
[Black "Gamha, Yasmine"]
[Result "0-1"]
[WhiteElo "1536"]
[BlackElo "1679"]
[PlyCount "60"]
[EventDate "2024.09.11"]
[WhiteTeam "Maldives"]
[BlackTeam "Tunisia"]
[WhiteTeamCountry "MDV"]
[BlackTeamCountry "TUN"]

1. e4 c5 2. Nc3 Nc6 3. f4 g6 4. Nf3 Bg7 5. Bc4 e6 6. d3 Nge7 7. Be3 d5 8. exd5 exd5 9. Nxd5 Nxd5 10. Bxd5 Qxd5 11. c3 $146 ({RR} 11. c4 Qd6 12. Rb1 Rb8 13. Qe2 O-O 14. a3 Bf5 15. Qf2 Rfe8 16. O-O b6 17. Nh4 Nd4 18. Kh1 Bxd3 19. f5 Bxb1 20. Rxb1 Qf6 21. Bxd4 Qxd4 22. Qg3 Qf6 23. Nf3 Qxf5 24. Nd2 Qe5 25. Qf3 Qf5 {0-1 Sanchez Ferrer,M-Soria Fernandez,L Havana Province-ch U14 Girls 2010 (11)}) 11... Bf5 12. d4 cxd4 13. cxd4 O-O 14. h4 Nb4 15. Kf2 Nc2 16. Rc1 Nxe3 17. Kxe3 Qe4+ 18. Kf2 Qxf4 19. d5 Bxb2 20. Rc5 Qb4 21. Rc7 Qb6+ 22. Kf1 Qxc7 23. h5 Qc1 24. Qxc1 Bxc1 25. Kf2 Ba3 26. Ng5 Be7 27. Nf3 Be4 28. Re1 Bc5+ 29. Kg3 Bxd5 30. Re5 Bd6 0-1

[Event "Olympiad Women 2024"]
[Site "Budapest HUN"]
[Date "2024.09.12"]
[Round "2.64"]
[Board "2"]
[White "Blackman, Katrina"]
[Black "Wahid, Chelsea"]
[Result "1-0"]
[WhiteElo "1814"]
[BlackElo "1482"]
[PlyCount "55"]
[EventDate "2024.09.11"]
[WhiteTeam "Barbados"]
[BlackTeam "Saint Lucia"]
[WhiteTeamCountry "BAR"]

1. e3 e5 2. d4 exd4 3. exd4 d5 4. Nf3 Bd6 5. Bd3 Nf6 6. Bg5 h6 7. Bh4 O-O 8. O-O Nc6 9. c3 Re8 10. Nbd2 Be6 11. Re1 Be7 12. Qc2 Qd6 $146 ({RR} 12... a6 13. Re2 Nh5 14. Bxe7 Rxe7 15. g3 Nf6 16. Rae1 Qd6 17. Nb3 Rae8 18. Nc5 Bc8 19. Rxe7 Rxe7 20. Rxe7 Qxe7 21. Bf5 Qe8 22. Bxc8 Qxc8 23. Qe2 Nd7 24. Nxd7 Qxd7 25. b4 Qe7 26. Qxe7 Nxe7 27. Ne5 {½-½ Hausknecht,M (2315)-Medina,J (2105) Paris op 1995}) 13. Bg3 Qd7 14. Ne5 Nxe5 15. Bxe5 Ng4 16. Nf3 Bd6 17. h3 Nxe5 18. Nxe5 Bxe5 19. Rxe5 Bxh3 20. gxh3 Qxh3 21. Bf5 Qh4 22. Rae1 Rxe5 23. Rxe5 Qg5+ 24. Kf1 g6 25. Be6 Qh4 26. Bxd5 Qh3+ 27. Bg2 Qg4 28. Re3 1-0

[Event "Olympiad Women 2024"]
[Site "Budapest HUN"]
[Date "2024.09.12"]
[Round "2.65"]
[Board "1"]
[White "Aliu, Arlinda"]
[Black "Sele, Timea"]
[Result "1-0"]
[WhiteElo "1780"]
[BlackElo "1699"]
[PlyCount "65"]
[EventDate "2024.09.11"]
[WhiteTeam "Kosovo"]
[BlackTeam "Liechtenstein"]
[WhiteTeamCountry "KOS"]
[BlackTeamCountry "LIE"]

1. d4 d5 2. Bf4 c5 3. e3 Nc6 4. Nc3 cxd4 5. exd4 Bf5 6. Nf3 e6 7. a3 ({RR} 7. Ne5 Bd6 8. g4 Bg6 9. h4 Bxe5 10. dxe5 h5 11. Bd3 Nge7 12. gxh5 Bxh5 13. Qd2 Ng6 14. Bg5 Ngxe5 15. Be2 Bxe2 16. Qxe2 Qxg5 17. hxg5 Rxh1+ 18. Kd2 Rxa1 19. f4 Nc4+ {0-1 Seliverstov,V (2462)-Shankland,S (2712) Titled Tue 25th Oct Early 2022 (5)}) ({RR} 7. Bd3 Bxd3 8. Qxd3 Bd6 9. Bxd6 Qxd6 10. O-O Nf6 11. Nb5 Qe7 12. Qa3 Qxa3 13. Nxa3 O-O 14. c3 Rab8 15. Nc2 b5 16. a3 a5 17. Ne5 Nxe5 18. dxe5 Ne4 19. Rad1 Rfc8 20. f4 g6 21. g4 Nc5 {0-1 Nemeth,Z (2212)-Polyik,P (2297) Budapest 1 Week Aug IMA 2024 (9.5)}) 7... Bd6 8. Bg3 $146 ({RR} 8. Bxd6 Qxd6 9. Be2 Nge7 10. O-O O-O 11. Qd2 Bg4 12. Ne1 Bxe2 13. Nxe2 Nf5 14. c3 Na5 15. Qd3 Rfc8 16. Ng3 Nxg3 17. Qxg3 Qxg3 18. hxg3 Nc4 19. Nd3 Re8 20. Rfe1 b6 21. g4 f6 22. Re2 Kf7 {½-½ Kovacevic,V (2490)-Garcia Palermo,C (2530) Zenica 1987 (10)}) ({RR} 8. Bxd6 Qxd6 9. Bd3 Bg6 10. O-O Nf6 11. Re1 O-O 12. Ne5 a6 13. Bxg6 hxg6 14. Nxc6 Qxc6 15. Ne2 Ne4 16. f3 Nd6 17. Nf4 Nf5 18. c3 b5 19. Nd3 a5 20. Ne5 Qb7 21. Qb3 Rfb8 22. Nd3 Nd6 {0-1 Makhmudov,S (2115)-Jovic,S (2075) Titled Tue 23rd May Early 2023 (9)}) 8... a6 9. Bd3 Bg4 10. Be2 Nge7 11. Ne5 Bf5 12. O-O O-O 13. Bg4 f6 14. Nxc6 bxc6 15. Bxd6 Qxd6 16. Na4 Rab8 17. b4 Qf4 18. Bxf5 Nxf5 19. c3 e5 20. Nc5 Rfe8 21. dxe5 fxe5 22. Nxa6 Rbd8 23. Nc5 Rd6 24. g3 Rg6 25. Qh5 Qg5 26. Qxg5 Rxg5 27. f4 exf4 28. Rxf4 Re3 29. c4 d4 30. Raf1 g6 31. Ne4 Rh5 32. Nf6+ Kg7 33. Nxh5+ 1-0

[Event "Olympiad Women 2024"]
[Site "Budapest HUN"]
[Date "2024.09.12"]
[Round "2.66"]
[Board "1"]
[White "Maly Inthavong"]
[Black "Ghitza, Elena"]
[Result "1-0"]
[WhiteElo "1633"]
[BlackElo "1817"]
[PlyCount "99"]
[EventDate "2024.09.11"]
[WhiteTeam "Laos"]
[BlackTeam "Malta"]
[WhiteTeamCountry "LAO"]
[BlackTeamCountry "MLT"]

1. e4 d6 2. d4 Nf6 3. Nc3 g6 4. Nf3 Bg7 5. h3 O-O 6. Bd3 c5 7. d5 e6 8. Bg5 ({RR} 8. O-O exd5 9. exd5 Na6 10. a3 Nc7 11. Bc4 Rb8 12. a4 b6 13. Bg5 h6 14. Bh4 g5 15. Bg3 a6 16. Re1 b5 17. axb5 axb5 18. Bf1 b4 19. Na4 Nfxd5 20. Nd2 Nf4 21. Bxf4 gxf4 22. Nc4 d5 {0-1 Le Roux,J (2560)-Iturrizaga Bonelli,E (2665) London Classic Superblitz KO 2017 (4.2)}) ({RR} 8. O-O exd5 9. exd5 Na6 10. Bf4 Re8 11. Nd2 Nb4 12. Bc4 Bf5 13. Bb3 Ne4 14. Ndxe4 Bxe4 15. Re1 Bf5 16. Rxe8+ Qxe8 17. Bxd6 b6 18. a3 Rd8 19. Bg3 Na6 20. d6 b5 21. Bd5 b4 22. axb4 Nxb4 {1-0 Herman,D (1925)-Barria Zuniga,D (2341) Titled Tue 3rd Sep Late 2024 (4)}) 8... h6 9. Bh4 $146 ({RR} 9. Be3 exd5 10. exd5 a6 11. Qd2 Kh7 12. a4 b6 13. g4 Re8 14. Kf1 Ng8 15. Rb1 Nd7 16. Ne2 Ne5 17. Nxe5 Bxe5 18. f4 Bg7 19. Ng3 Ra7 20. c4 Rae7 21. Bf2 Nf6 22. g5 hxg5 23. fxg5 Nd7 {0-1 Schmidt,W-Burtscheidt,M SBRAM-chA 9596 1995}) 9... a6 10. a4 Nbd7 11. O-O Qc7 12. Qd2 c4 13. Be2 e5 14. Qe3 g5 15. Bg3 Rb8 16. h4 Ng4 17. Qd2 gxh4 18. Nxh4 Ndf6 19. f3 Qc5+ 20. Bf2 Nxf2 21. Rxf2 Nh5 22. Kf1 Kh7 23. Nd1 Bf6 24. Nf5 Bxf5 25. exf5 Ng3+ 26. Kg1 Nxf5 27. b4 cxb3 28. cxb3 Bh4 29. Bd3 Bxf2+ 30. Nxf2 Qc8 31. Rc1 Qd7 32. Ng4 Qd8 33. Qxh6+ Kg8 34. Nf6+ Qxf6 35. Qxf6 Ng7 36. Qh6 f5 37. Rc7 Rf7 38. Rxf7 Kxf7 39. Qxd6 Re8 40. Bc4 Re7 41. Qb6 Ke8 42. Qg6+ Kd8 43. Qf6 Kd7 44. d6 Re8 45. Qxg7+ Kxd6 46. Qxb7 e4 47. Qxa6+ Kc7 48. a5 e3 49. Kf1 f4 50. Qb6+ 1-0

[Event "Olympiad Women 2024"]
[Site "Budapest HUN"]
[Date "2024.09.12"]
[Round "2.68"]
[Board "1"]
[White "Lima, Izidora Lourenco"]
[Black "Kaslan, Catherine"]
[Result "0-1"]
[WhiteElo "1579"]
[BlackElo "1902"]
[PlyCount "72"]
[EventDate "2024.09.11"]
[WhiteTeam "Sao Tome and Principe"]
[BlackTeam "Suriname"]
[WhiteTeamCountry "SAO"]
[BlackTeamCountry "SUR"]

1. e4 c5 2. Nf3 d6 3. Bc4 e6 4. Nc3 Nf6 5. d4 cxd4 6. Nxd4 a6 7. Bb3 Be7 8. O-O O-O 9. Be3 b5 10. f3 Qc7 ({RR} 10... Bb7 11. Bxe6 fxe6 12. Nxe6 Qc8 13. Nxf8 Bxf8 14. Qd2 Nbd7 15. Bd4 Qc7 16. Rfe1 Rc8 17. Re2 Ne5 18. Rae1 Qf7 19. b3 Nh5 20. Be3 h6 21. Rf2 Be7 22. Rd1 Bh4 23. Rff1 Qg6 24. Nd5 Kh7 25. Nf4 {0-1 Tomczak,J (2496)-Volokitin,A (2681) POL-chT 65th 2009 (1.25)}) 11. Qd2 ({RR} 11. a3 Nc6 12. Nxc6 Qxc6 13. Qe1 Bb7 14. Rd1 Nd7 15. Qg3 Rfd8 16. Bh6 g6 17. Kh1 Nc5 18. Qf4 Nxb3 19. cxb3 a5 20. Ne2 b4 21. Nd4 Qc5 22. Qg4 Qc8 23. Rc1 Qd7 24. Bg5 Rdc8 25. a4 Rc5 {½-½ Kochavi,D (2084)-Rudzinska,M (2302) 24th ch-EUR Indiv w 2024 (7.36)}) 11... Nc6 12. Rad1 Na5 $146 ({RR} 12... Rd8 13. Nxc6 Qxc6 14. Qf2 Nd7 15. Ne2 Ne5 16. Bd4 Bb7 17. Kh1 a5 18. c3 Nc4 19. Ng3 a4 20. Bxc4 Qxc4 21. Nh5 e5 22. Be3 Qe6 23. a3 Rac8 24. Qg3 Qg6 25. Qxg6 hxg6 26. Ng3 Rc4 27. Rd2 {0-1 Rollwitz,J (1996)-Poeltelt,H (1747) Berlin-ch Seniors op 25th 2009 (5)}) ({RR} 12... Rd8 13. g4 Na5 14. g5 Ne8 15. Qf2 Nc4 16. Bxc4 Qxc4 17. Rd3 Bb7 18. Nb3 Qc8 19. h4 g6 20. Na5 f6 21. Qg2 Ng7 22. Rfd1 f5 23. a3 Rb8 24. Ba7 {½-½ Recky,N (1957)-Kubin,P (2091) Tatry op Tatranske Zruby 2009 (9)}) 13. Rfe1 Nc4 14. Qc1 Bb7 15. Bxc4 Qxc4 16. Nb3 Qc7 17. Rd3 Rac8 18. a3 Rfd8 19. Qd2 Nd7 20. f4 Nf6 21. Bf2 d5 22. e5 Ne4 23. Qe2 Nc5 24. Nxc5 Bxc5 25. Bd4 Bxd4+ 26. Rxd4 Qb6 27. Red1 Rc4 28. Qf2 Rdc8 29. Rxc4 Qxf2+ 30. Kxf2 bxc4 31. Ne2 f6 32. c3 fxe5 33. fxe5 Rf8+ 34. Ke3 Rf5 35. Kd4 Rf2 36. Ke3 Rxg2 0-1

[Event "Olympiad Women 2024"]
[Site "Budapest HUN"]
[Date "2024.09.12"]
[Round "2.69"]
[Board "1"]
[White "Laamim, Roaa"]
[Black "Oyenga, Justine Anassika"]
[Result "1-0"]
[WhiteElo "1879"]
[BlackElo "1503"]
[PlyCount "65"]
[EventDate "2024.09.11"]
[WhiteTeam "Morocco"]
[BlackTeam "Togo"]
[WhiteTeamCountry "MAR"]
[BlackTeamCountry "TOG"]

1. e4 e5 2. Nf3 Nc6 3. d4 exd4 4. Nxd4 Nf6 5. Nc3 Bc5 6. Be3 Bb4 7. Nxc6 bxc6 8. Bd3 d5 9. exd5 cxd5 10. O-O O-O 11. h3 d4 $146 ({RR} 11... c6 12. Bf4 Bd6 13. Qf3 Bb7 14. Ne2 c5 15. c3 Rb8 16. Bxd6 Qxd6 17. Qg3 Qb6 18. b3 Rfe8 19. Nf4 Rbd8 20. Rfe1 a6 21. Rad1 Qa5 22. Rxe8+ Rxe8 23. Bb1 d4 24. b4 Qa4 25. Rc1 Qa3 26. Rf1 {1-0 Sivanandan,B (2185)-Subramanian,A (2033) 110th ch-GBR 2024 (4.31)}) ({RR} 11... Bb7 12. Bg5 Re8 13. Qf3 Re6 14. Ne2 Rb6 15. Rad1 h6 16. Bc1 Bd6 17. Nd4 c5 18. Nf5 c4 19. Nxd6 Rxd6 20. Bxc4 Ne4 21. Bb3 a5 22. Rd4 Rf6 23. Qh5 Raa6 24. Bxd5 Rad6 25. Bxe4 Rxd4 26. Bxb7 {1-0 Khamrakulov,D (2451)-Demirtas,H (1750) Ordu op-A 3rd 2017 (1)}) 12. Bxd4 Qxd4 13. Bxh7+ Nxh7 14. Qxd4 c5 15. Qe4 Rb8 16. Nd5 Bb7 17. Qc4 Bxd5 18. Qxd5 Nf6 19. Qf3 Rfe8 20. Rfd1 a6 21. a3 Ba5 22. b4 Bb6 23. g4 c4 24. Re1 Rbc8 25. Qb7 Bd4 26. Rad1 Rcd8 27. Rxe8+ Nxe8 28. Kf1 Nf6 29. c3 Rd7 30. Qc8+ Kh7 31. Rxd4 Rxd4 32. cxd4 c3 33. Qxc3 1-0

[Event "Olympiad Women 2024"]
[Site "Budapest HUN"]
[Date "2024.09.12"]
[Round "2.69"]
[Board "2"]
[White "Kponsou, Afiwa"]
[Black "Chemaou lilya"]
[Result "1/2-1/2"]
[WhiteElo "1453"]
[BlackElo "1565"]
[PlyCount "108"]
[EventDate "2024.09.11"]
[WhiteTeam "Togo"]
[BlackTeam "Morocco"]
[WhiteTeamCountry "TOG"]
[BlackTeamCountry "MAR"]

1. Nf3 Nf6 2. g3 g6 3. Bg2 Bg7 4. O-O O-O 5. d3 d5 6. Nbd2 c5 7. e4 dxe4 8. dxe4 Nc6 9. c3 Bg4 10. Re1 ({RR} 10. h3 Bd7 11. Qe2 Qc8 12. Kh2 Rd8 13. a4 b6 14. Re1 Ne8 15. Nc4 Qa6 16. Bf4 Be6 17. Ne3 Qd3 18. Qxd3 Rxd3 19. Bf1 Rdd8 20. Bb5 Na5 21. Nd5 Kf8 22. Rad1 Rac8 23. Bxe8 Kxe8 24. Nc7+ Kf8 {1-0 Onischuk,V (2622)-Orantes Taboada,F (2237) Titled Tuesday intern op 22nd June blitz 2021 (1)}) ({RR} 10. Qc2 Nd7 11. h3 Be6 12. Rd1 Qc7 13. Nf1 f5 14. Ng5 Bf7 15. exf5 gxf5 16. Qxf5 Nde5 17. Qxh7# {1-0 Mkrtchyan,M (2344)-Saranya Devi Narahari (1338) Swiss Queens Wed #5 2024 (1.125)}) 10... Ne5 $146 ({RR} 10... Qc7 11. Qa4 Bd7 12. Qc2 e5 13. Nf1 Ne7 14. Bg5 h6 15. Bxf6 Bxf6 16. Ne3 Be6 17. c4 Kg7 18. Rad1 Rad8 19. Nd5 Qb8 20. Nxf6 Kxf6 21. Nxe5 Kg7 22. f4 f6 23. Nf3 Nc6 24. b3 Nb4 25. Qe2 {1-0 Wicklund Hansen,R (2032)-Hempel,G (1660) Bad Zwischenahn Seniors op 1st 2004 (2)}) 11. Qb3 Nd3 12. Rd1 Qc7 13. h3 Nxc1 14. Raxc1 Be6 15. c4 h6 16. Qe3 Nd7 17. b3 Ne5 18. Nxe5 Qxe5 19. f4 Qd4 20. Nf1 Qxe3+ 21. Nxe3 Bd4 22. Kf2 Rfd8 23. Kf3 f5 24. Nd5 Bxd5 25. cxd5 Kf7 26. Bf1 Kg7 27. Bc4 a6 28. a4 Rab8 29. Re1 Re8 30. exf5 gxf5 31. Re6 Bf6 32. Rce1 b5 33. Bd3 bxa4 34. bxa4 Red8 35. Bxa6 Rxd5 36. Bc4 Rd4 37. Rc1 Rb4 38. Be2 Rxa4 39. Rxc5 Kf7 40. Rec6 Ra3+ 41. Rc3 Rxc3+ 42. Rxc3 Rxf4+ 43. Kxf4 Bxc3 44. Kxf5 e6+ 45. Ke4 e5 46. Kf5 Be1 47. g4 Bg3 48. Bc4+ Kg7 49. Bd5 Bf4 50. h4 Bg3 51. h5 Bf4 52. Be4 Bg5 53. Kxe5 Be3 54. Ke6 Bg5 1/2-1/2

[Event "Olympiad Women 2024"]
[Site "Budapest HUN"]
[Date "2024.09.12"]
[Round "2.70"]
[Board "1"]
[White "Asha huang Limboo"]
[Black "Chen, Chi"]
[Result "0-1"]
[WhiteElo "1420"]
[BlackElo "1746"]
[PlyCount "64"]
[EventDate "2024.09.11"]
[WhiteTeam "Bhutan"]
[BlackTeam "Chinese Taipei"]
[WhiteTeamCountry "BTN"]

1. e4 c5 2. Nf3 e6 3. Nc3 Nc6 4. d4 cxd4 5. Nxd4 Qc7 6. Bc4 a6 7. Be3 Nf6 8. Qf3 Nxd4 9. Bxd4 Qxc4 10. Bxf6 gxf6 11. Qxf6 Rg8 12. Rd1 $146 ({RR} 12. Qf3 Bb4 13. g3 Bxc3+ 14. bxc3 d5 15. exd5 Qxd5 16. Qxd5 exd5 17. O-O Bd7 18. Rfe1+ Kf8 19. Rad1 Bc6 20. Rd4 Re8 21. Red1 Re2 22. R4d2 Rxd2 23. Rxd2 Rg6 24. h4 Re6 25. Kh2 Re1 26. g4 Ra1 {0-1 Ursic,M (1500)-Nadvesnik,V (1879) SLO-chT2 (Women) 2001 (3)}) 12... Bg7 13. Qf3 Bxc3+ 14. bxc3 b5 15. Rd4 Qc6 16. O-O Bb7 17. Rfd1 Rd8 18. Qh3 Qc5 19. Qxh7 Qg5 20. g3 Ke7 21. Re1 Rh8 22. h4 Qg4 23. e5 Qh3 24. Qe4 Bxe4 25. Rexe4 Rc8 26. Re3 Rc4 27. Rd6 Rg4 28. Red3 Rhxh4 29. Rxd7+ Kf8 30. f4 Rxg3+ 31. Rxg3 Qxg3+ 32. Kf1 Rh2 0-1

[Event "Olympiad Women 2024"]
[Site "Budapest HUN"]
[Date "2024.09.12"]
[Round "2.70"]
[Board "3"]
[White "Yeshey lhaden"]
[Black "Chen, I-Chen"]
[Result "0-1"]
[WhiteElo "1514"]
[BlackElo "1771"]
[PlyCount "86"]
[EventDate "2024.09.11"]
[WhiteTeam "Bhutan"]
[BlackTeam "Chinese Taipei"]
[WhiteTeamCountry "BTN"]

1. d4 Nf6 2. Bf4 e6 3. e3 d5 4. a3 ({RR} 4. h3 Bd6 5. Nf3 Bxf4 6. exf4 c5 7. c3 cxd4 8. cxd4 Qb6 9. Qb3 Qxb3 10. axb3 Nc6 11. Nc3 Bd7 12. Kd2 Ne4+ 13. Ke3 Nb4 14. Rc1 Rc8 15. Be2 Nd6 16. g4 Ke7 17. Ne5 h5 18. Nd3 Nc6 {0-1 Doeres,H (2260)-Fuhrmann,D (2275) BL2-Ost 9596 1995 [6]}) 4... c5 ({RR} 4... Bd6 5. Bxd6 Qxd6 6. Nf3 O-O 7. c4 dxc4 8. Bxc4 Bd7 9. O-O Bc6 10. Nc3 a6 11. Re1 Nbd7 12. e4 Ng4 13. h3 Nh6 14. d5 Nb6 15. dxc6 Qxd1 16. Raxd1 Nxc4 17. Rd7 bxc6 18. Rxc7 Rfc8 19. Rxc8+ {1-0 Giro Castellet,E (1766)-Vazquez Sanchez,J (1663) IV Llinars Int Open 2024 (9.44)}) 5. Bb5+ Nc6 6. Nf3 Qb6 $146 ({RR} 6... a6 7. Bxc6+ bxc6 8. O-O Be7 9. Ne5 Bd7 10. Nd2 O-O 11. c3 cxd4 12. cxd4 c5 13. a4 cxd4 14. exd4 Qb6 15. Nb3 Rfc8 16. Qd3 Be8 17. Rfe1 Rab8 18. Nd2 Qb4 19. b3 Rc3 20. Qxa6 Qxd4 21. Bg5 {0-1 Chaolumengerile-Zhou,S (1800) CHN Nat Open Huhot 2023 (1.8)}) 7. Nc3 a6 8. Bxc6+ bxc6 9. Na4 Qa5+ 10. c3 c4 11. b4 Qd8 12. Ne5 Bd7 13. O-O a5 14. Qc2 Be7 15. Rfb1 O-O 16. Nc5 Qc8 17. a4 h6 18. bxa5 Bxc5 19. dxc5 Rxa5 20. Rb6 Ne4 21. Rab1 Ra8 22. Qb2 Nxc5 23. Qa3 Nb3 24. Qe7 Qd8 25. Qxd7 Qxb6 26. Nxc6 Ra6 27. Ne7+ Kh8 28. Be5 Qd8 29. Ng6+ Kg8 30. Ne7+ Kh7 31. Qb7 Qa8 32. Qc7 Ra7 33. Qd6 Rd8 34. Qa3 Rxa4 35. Qb2 Ra2 36. g3 Rxb2 37. Rxb2 Qa1+ 38. Kg2 Qxb2 39. h4 Nd2 40. Kh3 Qb1 41. Kg4 Qe4+ 42. Bf4 Qf3+ 43. Kh3 h5 0-1

[Event "Olympiad Women 2024"]
[Site "Budapest HUN"]
[Date "2024.09.12"]
[Round "2.71"]
[Board "2"]
[White "Lazzarini, Giulia"]
[Black "Leung, Hoi Ting"]
[Result "0-1"]
[WhiteElo "1520"]
[BlackElo "1619"]
[PlyCount "48"]
[EventDate "2024.09.11"]
[WhiteTeam "San Marino"]
[BlackTeam "Hong Kong, China"]
[WhiteTeamCountry "SMR"]

1. e4 e6 2. d4 d5 3. e5 c5 4. Nf3 Nc6 5. Be2 ({RR} 5. Nbd2 cxd4 6. Nb3 Nge7 7. Bb5 Bd7 8. Bxc6 Nxc6 9. O-O Be7 10. Nbxd4 O-O 11. Re1 Qc7 12. c3 Rfc8 13. Bg5 Bf8 14. Qd2 Nxd4 15. Nxd4 b5 16. Rad1 a5 17. Re3 b4 18. Rg3 Qxe5 19. Bf4 Qf6 {½-½ Sikora Lerch,J (2375)-Matlak,M (2455) Morava-chT 9697 1996}) 5... cxd4 ({RR} 5... f6 6. O-O cxd4 7. exf6 Nxf6 8. Nxd4 Bc5 9. Nb3 Bb6 10. c4 Ne4 11. Qc2 Bxf2+ 12. Rxf2 Nxf2 13. Bh5+ g6 14. Bxg6+ hxg6 15. Qxg6+ Kf8 16. Bh6+ Rxh6 17. Qxh6+ Kf7 18. Qh7+ Kf8 19. Qh8+ Ke7 20. Qg7+ {1-0 Villaverde Salas,G (1251)-Callupe Matias,O (1052) I ch-Sudamericano 2023 (7.48)}) 6. O-O Qb6 7. Nbd2 $146 ({RR} 7. c3 dxc3 8. bxc3 Nge7 9. c4 g6 10. Nc3 dxc4 11. Bxc4 Bg7 12. Rb1 Qc5 13. Rb5 Qxc4 14. Bb2 a6 15. Rb3 O-O 16. g3 b5 17. Ba3 Bb7 18. Bxe7 Nxe7 19. Ng5 Rad8 20. Qe2 Qxe2 21. Nxe2 Bxe5 {0-1 Watt,J-Kim,T (1473) Gordon Hoskyn Memorial rapid 2009 (1)}) ({RR} 7. c3 dxc3 8. Nxc3 Nge7 9. b3 Ng6 10. Na4 Qc7 11. Bb2 Ncxe5 12. Rc1 Nxf3+ 13. Bxf3 Qd8 14. g3 Bd7 15. Re1 Bc6 16. Nc3 Bb4 17. a3 Bxc3 18. Bxc3 O-O 19. Bh5 Qg5 20. h4 Qd8 21. Qd4 e5 {0-1 Krzyszton,J-Williams,M East Lansing-ch MI op-B 1991}) 7... Nge7 8. Nb3 Ng6 9. Nbxd4 Ncxe5 10. b3 Bd6 11. Bb2 O-O 12. Re1 Bd7 13. a4 a6 14. a5 Qc7 15. c3 Rac8 16. b4 Nxf3+ 17. Nxf3 Ne5 18. Rc1 Nxf3+ 19. Bxf3 Bxh2+ 20. Kh1 Bf4 21. Rc2 Ba4 22. g3 Bxc2 23. Qxc2 Be5 24. Bd1 Bxc3 0-1